000 00798nam a22001337a 4500
040 _cRUA
082 _aAVM NGO 2009 B087 Or.1
100 _aNGORN, SOPHORN.
245 _aStudy on growth rate of CP-AVAIN broiler by using coconut by-product in concentrate and CP HI-GRO feed at royal university of agriculture, ការសិក្សាលើការលូតលាស់របស់មាន់សាច់ពូជCP-AVIAN ដោយប្រើចំណីផ្សំដែលមានកាកដូង និងចំណីCP HI-GRO នៅសាកលវិទ្យាល័យភូមិន្ទកសិកម្ម
260 _aPhnom Penh
_bRUA
_c2009
300 _ax; 49p.
856 _uhttps://drive.google.com/file/d/1WtuU-2XyMJjECR8x0xGs6PpUNDGSFXnF/view?usp=sharing
942 _cAVM
999 _c2337
_d2337